000 01272cam a22003855a 4500
001 17478140
003 OSt
005 20140310182308.0
008 120928s1998 wauab 000 1 eng d
010 _a 96060819
020 _a0786907495 (pbk.)
020 _a9780786907496 (pbk.)
035 _a(OCoLC)ocm38593255
040 _aHQB
_cHQB
_dOCL
_dOCLCQ
_dBAKER
_dBTCTA
_dYDXCP
_dCRU
_dNDD
_dMCT
_dDLC
042 _alccopycat
050 0 0 _aPZ 7
_b.R114 1998
082 _aFIC M36fi
_b1998
100 1 _aRabe, Jean.
_919838
245 1 4 _aThe eve of the maelstrom /
_cJean Rabe.
260 _aRenton, WA :
_bTSR,
_cc1998.
300 _a312 p. :
_bill., map ;
_c18 cm.
490 1 _aThe fifth age
520 _aMalystryx, the greatest and the most evil of dragons, aspires to rule over Kryn.
562 _e1
650 0 _aImaginary wars and battles
_vFiction.
_920789
650 0 _aKrynn (Imaginary place)
_vFiction.
_920790
650 0 _aDragons
_vFiction.
_920791
655 7 _aFantastic fiction.
_2gsafd
_94903
710 2 _aCopyright Paperback Collection (Library of Congress)
_5DLC
_9705
830 0 _aFifth age.
_920792
906 _a0
_bibc
_ccopycat
_d2
_eepcn
_f20
_gy-genrareb
942 _2lcc
_cBK-FIC
999 _c11636
_d11636